00985 2200325 4500001002100000001002100021005001500042020002200057035002400079040001200103082002100115084002100136090001600157090002100173100002300194245010200217245008900319250001100408260003300419260002900452300004400481504002700525650002000552700002000572700001400592700001100606850001200617990001500629990001500644YOGYA000000000001021YOGYA00000000000102120140822081925 a978-979-3065-71-7 0010-081400000001061 aYOPDYOG 2[22]a398.209598 a398.209598 Don K a306.8 Roe M a398.209598 Don K aDONI JUDIAN, 1973- aMelestarikan Perkawinan: Bagaimana membina perkawinan agar tetap bahagiacRoe, Marlene Shelton La aKumpulan fabel nusantarac/ Doni Judian, E.A. Pamungkas, Ibnu Aziz ; editor, Endhiq. aCet.1. aSemarangbDahara Prizec1992 aYogyakartabNavilac2010 avi, 267 hlm.b: ilus.c; 25 cm (3 eks.) aBibliografi : hlm. 267 aFabel Indonesia aPamungkas, E.A. aIbnu Aziz aEndhiq aYOPDYOG a85291-P/96 a85292-P/96